| 000 | 01015nas a2200265 4500 | ||
|---|---|---|---|
| 001 | BR8500123 | ||
| 003 | BR-BrBNA | ||
| 005 | 20231205090044.0 | ||
| 007 | ta | ||
| 008 | 230509b bl.|||p| |||| 00| 00por d | ||
| 040 |
_aBR-BrBNA _bpor _cBiblioteca Nacional de Agricultura |
||
| 041 | _a(Pt) | ||
| 072 | _aF22 | ||
| 100 | 1 | _aMagalhaes, A.F. | |
| 100 | 1 | _aPage, A.L. | |
| 245 | 1 |
_aCaracteristicas das cargas eletricas dos solos da Zona da Mata de Pernambuco, 2: avaliacao comparativa entre metodos de determinacao [Brasil] _bParte de tese |
|
| 246 | 1 |
_aElectric charge characteristics of soils from the coastal region of Pernambuco (Brazil)2: comparative evaluation of methods to determine zero point charge _bPart of thesis |
|
| 650 | _aSOLO | ||
| 650 | _aADSORCAO | ||
| 650 | _aION | ||
| 650 | _aPERNAMBUCO | ||
| 773 | 0 |
_tRevista Brasileira de Ciencia do Solo (Brazil) _xISSN 0100-0683 _g(May-Aug 1984), v. 8(2) p. 179-182 _wBR8500123 |
|
| 909 |
_a202311 _bLúcia _c55 _dLúcia Elande |
||
| 942 |
_2AGRIS _n0 _cANA |
||
| 999 |
_c115853 _d115853 |
||